[Event "2. BUNDESLIGA MITTE 2014/2015"]
[Site "St. Veit"]
[Date "2015.03.01"]
[Round "8"]
[Board "4"]
[White "Windhager, Hannes"]
[Black "Sandner, Wolfgang"]
[Result "0-1"]
[WhiteElo "2187"]
[BlackElo "2236"]
[PlyCount "106"]
[EventDate "2014.10.03"]
[EventType "team"]
[EventRounds "11"]
[EventCountry "AUT"]
[WhiteTeam "Union Hartkirchen - Sektion Schach"]
[BlackTeam "RbEJ Gleisdorf"]

1. e4 e5 2. Bc4 Nf6 3. d3 Nc6 4. Nf3 Be7 5. O-O O-O 6. Re1 d6 7. a4 Na5 8. Ba2
c5 9. c3 Nc6 10. Nbd2 h6 11. h3 Rb8 12. Nf1 Be6 13. Ne3 Bxa2 14. Rxa2 d5 15.
exd5 Nxd5 16. Nc4 f6 17. Nh4 Qd7 18. Qh5 Bd8 19. Nf5 Nde7 20. Nxg7 Rf7 21. Bxh6
Rxg7 22. Bxg7 Kxg7 23. Re3 Ng6 24. Rg3 Nce7 25. Qf3 Qd5 26. Qxd5 Nxd5 27. Ne3
Ndf4 28. Kf1 Kf7 29. Nc2 Be7 30. Ne1 Rd8 31. b3 f5 32. Rc2 Rd7 33. Rf3 Ke6 34.
g3 Nxh3 35. Kg2 Ng5 36. Re3 Kf6 37. Rd2 Bf8 38. Ree2 Bh6 39. Rb2 Bf8 40. Rbd2
Ne6 41. Rb2 Rg7 42. Rec2 Ngf4+ 43. Kf3 Nd5 44. Rb1 Rh7 45. Kg2 f4 46. c4 Nb4
47. Rd2 Rd7 48. Rdd1 Bh6 49. Kf3 Rg7 50. gxf4 Nd4+ 51. Ke3 exf4+ 52. Kd2 Re7
53. Kc1 f3+ 0-1

[Event "2. BUNDESLIGA MITTE 2014/2015"]
[Site "St. Veit"]
[Date "2015.03.01"]
[Round "8"]
[Board "5"]
[White "Ofner, Maximilian"]
[Black "Mayerhofer, Peter"]
[Result "1-0"]
[WhiteElo "2142"]
[BlackElo "2190"]
[PlyCount "47"]
[EventDate "2014.10.03"]
[EventType "team"]
[EventRounds "11"]
[EventCountry "AUT"]
[WhiteTeam "RbEJ Gleisdorf"]
[BlackTeam "Union Hartkirchen - Sektion Schach"]

1. e4 d5 2. exd5 Qxd5 3. Nc3 Qa5 4. d4 Nf6 5. Nf3 Bf5 6. Bc4 c6 7. Bd2 e6 8.
Nd5 Qd8 9. Nxf6+ gxf6 10. Qe2 Be7 11. O-O-O Nd7 12. Nh4 Bg6 13. Rhe1 Qc7 14.
Bxe6 fxe6 15. Qxe6 Nb6 16. Nxg6 hxg6 17. Qxf6 Rf8 18. Qxg6+ Kd8 19. Rxe7 Kxe7
20. Qg7+ Rf7 21. Re1+ Kd6 22. Qe5+ Kd7 23. Qe6+ Kd8 24. Qe8# 1-0

[Event "2. BUNDESLIGA MITTE 2014/2015"]
[Site "St. Veit"]
[Date "2015.03.01"]
[Round "8"]
[Board "6"]
[White "Kleibel, Uwe"]
[Black "Wanderer, Thomas"]
[Result "1-0"]
[WhiteElo "2210"]
[BlackElo "2164"]
[PlyCount "81"]
[EventDate "2014.10.03"]
[EventType "team"]
[EventRounds "11"]
[EventCountry "AUT"]
[WhiteTeam "Union Hartkirchen - Sektion Schach"]
[BlackTeam "RbEJ Gleisdorf"]

1. e4 c5 2. Nf3 e6 3. g3 d5 4. exd5 exd5 5. d4 Bg4 6. Bg2 Nc6 7. O-O Nxd4 8.
Qe1+ Ne6 9. Ne5 Bf5 10. c4 Ne7 11. Nc3 d4 12. Nd5 f6 13. g4 Bc2 14. Nf3 Kf7 15.
Qe2 Ba4 16. Re1 Bd7 17. g5 Ng6 18. h4 Bd6 19. Qe4 Re8 20. gxf6 gxf6 21. h5 Ngf8
22. Bh6 Ng7 23. Qc2 Bf5 24. Qb3 Qd7 25. Nh4 Bg4 26. Bf4 Rab8 27. h6 Nf5 28.
Rxe8 Rxe8 29. Nxf5 Bxf4 30. Nxf4 Bxf5 31. Bd5+ Ne6 32. Re1 Kf8 33. Qg3 Ng5 34.
Rxe8+ Qxe8 35. Ng2 Qe5 36. f4 Qc7 37. Kh2 Ne6 38. Nh4 Nxf4 39. Qg8+ Ke7 40.
Nxf5+ Kd7 41. Qxh7+ 1-0

[Event "2. BUNDESLIGA MITTE 2014/2015"]
[Site "St. Veit"]
[Date "2015.03.01"]
[Round "8"]
[Board "1"]
[White "Poetz, Florian"]
[Black "Pilaj, Herwig"]
[Result "0-1"]
[WhiteElo "2390"]
[BlackElo "2388"]
[PlyCount "104"]
[EventDate "2014.10.03"]
[EventType "team"]
[EventRounds "11"]
[EventCountry "AUT"]
[WhiteTeam "Spg.Sparkasse Fuerstenfeld/Hartberg"]
[BlackTeam "SC Die Klagenfurter"]

1. e4 e6 2. d4 d5 3. Nc3 Bb4 4. e5 b6 5. a3 Bxc3+ 6. bxc3 Qd7 7. a4 Ba6 8. Bxa6
Nxa6 9. h4 Ne7 10. h5 h6 11. Ne2 Nb8 12. Ba3 Nbc6 13. Ng3 Na5 14. Qg4 Rg8 15.
Bxe7 Qxe7 16. Nf1 Qd7 17. Qh4 Qc6 18. Rh3 Kd7 19. Nd2 Raf8 20. Rf3 Kc8 21. Qe7
Qd7 22. Qb4 Nc6 23. Qb5 f6 24. exf6 gxf6 25. Kf1 e5 26. Nb3 e4 27. Rf4 Qd6 28.
g3 Rg5 29. a5 Rxh5 30. axb6 cxb6 31. Qa6+ Kc7 32. Rg4 Rg5 33. Rh4 h5 34. Qe2 f5
35. Rxh5 Rxh5 36. Qxh5 f4 37. Qh7+ Qd7 38. Qh6 Rf7 39. Qh4 fxg3 40. Qxg3+ Kb7
41. Rb1 Qf5 42. Nd2 Rh7 43. Ke2 Qh5+ 44. Ke1 Qf5 45. Nf1 Qf7 46. Rb5 Rg7 47.
Qh2 Ka6 48. Rb1 Na5 49. Ne3 Nc4 50. Qh3 Rg1+ 51. Nf1 Kb7 52. Ke2 a5 0-1

[Event "2. BUNDESLIGA MITTE 2014/2015"]
[Site "St. Veit"]
[Date "2015.03.01"]
[Round "8"]
[Board "2"]
[White "Petschar, Kurt"]
[Black "Kuba, Guenter"]
[Result "1/2-1/2"]
[WhiteElo "2271"]
[BlackElo "2374"]
[PlyCount "39"]
[EventDate "2014.10.03"]
[EventType "team"]
[EventRounds "11"]
[EventCountry "AUT"]
[WhiteTeam "SC Die Klagenfurter"]
[BlackTeam "Spg.Sparkasse Fuerstenfeld/Hartberg"]

1. d4 d5 2. c4 e6 3. Nc3 Nf6 4. Nf3 Be7 5. Bf4 O-O 6. e3 b6 7. Bd3 dxc4 8. Bxc4
Bb7 9. O-O c5 10. dxc5 Bxc5 11. Qe2 Nbd7 12. Rfd1 Qe7 13. a3 a5 14. h3 h6 15.
Rac1 Rfd8 16. Bc7 Rdc8 17. Bg3 Rd8 18. Bc7 Rdc8 19. Bg3 Rd8 20. Bc7 1/2-1/2

[Event "2. BUNDESLIGA MITTE 2014/2015"]
[Site "St. Veit"]
[Date "2015.03.01"]
[Round "8"]
[Board "3"]
[White "Stradner, Stefan"]
[Black "Wertjanz, David"]
[Result "0-1"]
[WhiteElo "2190"]
[BlackElo "2242"]
[PlyCount "106"]
[EventDate "2014.10.03"]
[EventType "team"]
[EventRounds "11"]
[EventCountry "AUT"]
[WhiteTeam "Spg.Sparkasse Fuerstenfeld/Hartberg"]
[BlackTeam "SC Die Klagenfurter"]

1. e4 c5 2. c3 d6 3. Nf3 Nf6 4. Be2 Nbd7 5. d3 e6 6. O-O Be7 7. h3 O-O 8. a4 c4
9. Nbd2 cxd3 10. Bxd3 Ne5 11. Nxe5 dxe5 12. Qe2 Qc7 13. Nc4 Rd8 14. Na3 Bd7 15.
Nb5 Bxb5 16. axb5 Nd7 17. Be3 b6 18. Bc2 h6 19. Ra2 Bg5 20. Bxg5 hxg5 21. Rfa1
Nf6 22. Ra4 Rd7 23. Qe3 g4 24. h4 Qd8 25. Bb3 Rd2 26. Bd5 exd5 27. Qxd2 Nxe4
28. Rxe4 dxe4 29. Qxd8+ Rxd8 30. Rxa7 Rd1+ 31. Kh2 Rd2 32. Kg3 Rxb2 33. Re7
Rxb5 34. Kxg4 Rb2 35. Rxe5 Rxf2 36. Kg3 Rc2 37. Rxe4 Rxc3+ 38. Kf4 Kf8 39. Rb4
Rc6 40. h5 Ke7 41. Kf3 Ke6 42. g4 f6 43. Re4+ Kd7 44. Kf4 b5 45. Kf5 Rc4 46.
Re1 b4 47. Rd1+ Kc7 48. Re1 b3 49. Re7+ Kc6 50. Rxg7 b2 51. Rg6 b1=Q+ 52. Kxf6
Kd5 53. Rg5+ Ke4 0-1

[Event "2. BUNDESLIGA MITTE 2014/2015"]
[Site "St. Veit"]
[Date "2015.03.01"]
[Round "8"]
[Board "4"]
[White "Genser, Harald"]
[Black "Hatzl, Johannes"]
[Result "1-0"]
[WhiteElo "2277"]
[BlackElo "2101"]
[PlyCount "89"]
[EventDate "2014.10.03"]
[EventType "team"]
[EventRounds "11"]
[EventCountry "AUT"]
[WhiteTeam "SC Die Klagenfurter"]
[BlackTeam "Spg.Sparkasse Fuerstenfeld/Hartberg"]

1. d4 d5 2. c4 e6 3. Nf3 c6 4. Nc3 dxc4 5. e3 b5 6. a4 Bb4 7. Bd2 a5 8. axb5
Bxc3 9. Bxc3 cxb5 10. b3 Bb7 11. bxc4 b4 12. Bb2 Nf6 13. Bd3 Nbd7 14. O-O O-O
15. Nd2 Bc6 16. Bc2 Qc7 17. e4 e5 18. f4 exd4 19. e5 Ne8 20. Bxd4 Qb7 21. Qb1
h6 22. Ne4 Nc7 23. Nd6 Qa6 24. f5 f6 25. exf6 Nxf6 26. c5 Qe2 27. Rf2 Qg4 28.
Qb2 Ncd5 29. h3 Qh4 30. Be5 a4 31. Re1 b3 32. Bd1 Qb4 33. Ree2 Qxc5 34. Ne4
Nxe4 35. Rxe4 Rxf5 36. Bd4 Rxf2 37. Qxf2 Qc1 38. Qe1 Rf8 39. Re7 Nxe7 40. Bxb3+
axb3 41. Qxc1 Bd5 42. Qc7 Nf5 43. Bb2 Bf7 44. g4 Ne3 45. Qe5 1-0

[Event "2. BUNDESLIGA MITTE 2014/2015"]
[Site "St. Veit"]
[Date "2015.03.01"]
[Round "8"]
[Board "5"]
[White "Fabisch, Christian"]
[Black "Titz, Heimo"]
[Result "1/2-1/2"]
[WhiteElo "2072"]
[BlackElo "2120"]
[PlyCount "68"]
[EventDate "2014.10.03"]
[EventType "team"]
[EventRounds "11"]
[EventCountry "AUT"]
[WhiteTeam "Spg.Sparkasse Fuerstenfeld/Hartberg"]
[BlackTeam "SC Die Klagenfurter"]

1. g3 c5 2. Bg2 Nc6 3. c4 g6 4. Nc3 Bg7 5. a3 Nf6 6. Rb1 a5 7. Nf3 d6 8. d3 O-O
9. O-O Rb8 10. Bd2 Bd7 11. Nb5 Ne8 12. Ne1 Nc7 13. Nxc7 Qxc7 14. Nc2 b5 15.
cxb5 Rxb5 16. b4 axb4 17. axb4 Nxb4 18. Nxb4 cxb4 19. Rxb4 Rxb4 20. Bxb4 Rb8
21. Qd2 Qb6 22. Bc3 Bxc3 23. Qxc3 Be6 24. Qa1 Qb2 25. Qxb2 Rxb2 26. Re1 Kg7 27.
d4 Rd2 28. e3 h5 29. h4 Bc4 30. Bf3 d5 31. Rd1 Rb2 32. Rc1 Rd2 33. Rd1 Rb2 34.
Rc1 Rd2 1/2-1/2

[Event "2. BUNDESLIGA MITTE 2014/2015"]
[Site "St. Veit"]
[Date "2015.03.01"]
[Round "8"]
[Board "6"]
[White "Jakits, Leopold"]
[Black "Posch, Siegfried"]
[Result "1-0"]
[WhiteElo "2134"]
[BlackElo "2007"]
[PlyCount "29"]
[EventDate "2014.10.03"]
[EventType "team"]
[EventRounds "11"]
[EventCountry "AUT"]
[WhiteTeam "SC Die Klagenfurter"]
[BlackTeam "Spg.Sparkasse Fuerstenfeld/Hartberg"]

1. c4 e5 2. g3 Nf6 3. Bg2 Nc6 4. Nc3 d6 5. e4 Be7 6. Nge2 Bg4 7. O-O Qd7 8. d3
Bh3 9. Nd5 h5 10. Nxc7+ Qxc7 11. Bxh3 Ng4 12. Kg2 g5 13. Nc3 Nh6 14. Nd5 Qd8
15. Qxh5 1-0

[Event "2. BUNDESLIGA MITTE 2014/2015"]
[Site "St. Veit"]
[Date "2015.03.01"]
[Round "8"]
[Board "1"]
[White "Zaja, Ivan"]
[Black "Felsberger, Alfred"]
[Result "1-0"]
[WhiteElo "2479"]
[BlackElo "2342"]
[PlyCount "93"]
[EventDate "2014.10.03"]
[EventType "team"]
[EventRounds "11"]
[EventCountry "AUT"]
[WhiteTeam "Union Styria Graz"]
[BlackTeam "Union Ansfelden"]

1. d4 Nf6 2. c4 e6 3. Nf3 Bb4+ 4. Bd2 Qe7 5. g3 Nc6 6. Nc3 O-O 7. Bg2 d6 8. Rc1
a5 9. O-O Bxc3 10. Bxc3 e5 11. d5 Nb4 12. Bd2 Bd7 13. a3 Na6 14. Bxa5 Nc5 15.
Bb4 Ba4 16. Qe1 Nb3 17. Rd1 Na5 18. Rb1 Nb3 19. Nh4 g6 20. e3 Nd7 21. f4 Rfe8
22. f5 b5 23. Qe2 Nb6 24. cxb5 e4 25. Rbd1 Qd7 26. Qg4 Bxb5 27. Rf4 Bd3 28.
Bxe4 Bxe4 29. Rxe4 Rxe4 30. Qxe4 Re8 31. Qd3 Nc5 32. Bxc5 dxc5 33. b3 Qe7 34.
Ng2 Qe5 35. fxg6 hxg6 36. a4 Rd8 37. e4 Re8 38. a5 Nd7 39. a6 Ra8 40. d6 cxd6
41. Qxd6 Ra7 42. Qxe5 Nxe5 43. Rd6 Kf8 44. Ne3 Ke7 45. Rb6 Kd8 46. Nd5 Kc8 47.
Nc3 1-0

[Event "2. BUNDESLIGA MITTE 2014/2015"]
[Site "St. Veit"]
[Date "2015.03.01"]
[Round "8"]
[Board "2"]
[White "Ennsberger, Ulrich"]
[Black "Rogulj, Branko"]
[Result "1-0"]
[WhiteElo "2343"]
[BlackElo "2420"]
[PlyCount "65"]
[EventDate "2014.10.03"]
[EventType "team"]
[EventRounds "11"]
[EventCountry "AUT"]
[WhiteTeam "Union Ansfelden"]
[BlackTeam "Union Styria Graz"]

1. Nf3 Nf6 2. c4 c5 3. Nc3 Nc6 4. e3 e6 5. d4 d5 6. a3 cxd4 7. exd4 Be7 8. Bg5
O-O 9. Rc1 a6 10. Bd3 dxc4 11. Bxc4 b5 12. Ba2 Bb7 13. O-O b4 14. axb4 Nxb4 15.
Bb1 Nfd5 16. Ne4 h6 17. Bd2 Bc6 18. Ne5 Bb5 19. Re1 f5 20. Nc5 Bxc5 21. Rxc5
Rb8 22. Qb3 Be8 23. Qa3 Rf6 24. Rec1 Qb6 25. Rc8 Rf8 26. Rxb8 Qxb8 27. Rc4 a5
28. Qxa5 Nc6 29. Nxc6 Bxc6 30. Rxc6 Qxb2 31. Ba2 Qa1+ 32. Be1 Rb8 33. Rxe6 1-0

[Event "2. BUNDESLIGA MITTE 2014/2015"]
[Site "St. Veit"]
[Date "2015.03.01"]
[Round "8"]
[Board "3"]
[White "Manhardt, Thomas"]
[Black "Weiss, Christian"]
[Result "0-1"]
[WhiteElo "2246"]
[BlackElo "2382"]
[PlyCount "114"]
[EventDate "2014.10.03"]
[EventType "team"]
[EventRounds "11"]
[EventCountry "AUT"]
[WhiteTeam "Union Styria Graz"]
[BlackTeam "Union Ansfelden"]

1. e4 c5 2. Nf3 e6 3. g3 Nc6 4. Bg2 Nf6 5. d3 d5 6. Qe2 Be7 7. e5 Nd7 8. c4 d4
9. O-O Qc7 10. Re1 h6 11. Na3 a6 12. Bd2 b6 13. Nc2 Bb7 14. b4 g5 15. h3 Nf8
16. Rab1 Ng6 17. bxc5 Bxc5 18. Bc1 Rd8 19. Na1 Ba8 20. Nb3 O-O 21. Nxc5 bxc5
22. h4 g4 23. Bxh6 gxf3 24. Qxf3 f5 25. Bxf8 Nxf8 26. Qh5 Qg7 27. Rb6 Nb4 28.
Bxa8 Rxa8 29. Qe2 Qg4 30. Qd2 Ng6 31. Rxe6 f4 32. Rf6 Nxh4 33. Qxf4 Qxf4 34.
Rxf4 Nxd3 35. Rg4+ Kf7 36. e6+ Kf6 37. Rb1 Nf3+ 38. Kg2 Nde1+ 39. Kf1 Nd2+ 40.
Kxe1 Nxb1 41. Rh4 Re8 42. Ke2 Nc3+ 43. Kd3 Nxa2 44. Rh5 Nb4+ 45. Kd2 Rc8 46.
Rh6+ Kg7 47. Rh5 Kg6 48. Re5 a5 49. e7 Kf7 50. e8=Q+ Rxe8 51. Rxc5 Ra8 52. Rb5
Nc6 53. Kc2 a4 54. Rb6 a3 55. Kb1 a2+ 56. Ka1 d3 57. Rxc6 Rd8 0-1

[Event "2. BUNDESLIGA MITTE 2014/2015"]
[Site "St. Veit"]
[Date "2015.03.01"]
[Round "8"]
[Board "5"]
[White "Matosec, Thomas"]
[Black "Knoll, Hermann"]
[Result "0-1"]
[WhiteElo "2080"]
[BlackElo "2314"]
[PlyCount "60"]
[EventDate "2014.10.03"]
[EventType "team"]
[EventRounds "11"]
[EventCountry "AUT"]
[WhiteTeam "Union Styria Graz"]
[BlackTeam "Union Ansfelden"]

1. Nf3 Nf6 2. c4 e6 3. g3 a6 4. Bg2 b5 5. b3 c5 6. O-O Bb7 7. Bb2 Be7 8. d3 d6
9. Na3 Qb6 10. e3 Nbd7 11. Qe2 O-O 12. Rfd1 Rfd8 13. Rab1 Rac8 14. Nc2 Bf8 15.
a3 d5 16. b4 dxc4 17. dxc4 cxb4 18. cxb5 Be4 19. Nfd4 bxa3 20. Ba1 axb5 21.
Rxb5 Bxc2 22. Rd2 Ba4 23. Rxb6 Rc1+ 24. Bf1 Nxb6 25. Nb3 Rxd2 26. Qxd2 Rb1 27.
Qd8 Nbd7 28. Bxf6 gxf6 29. Kg2 Bxb3 30. Bc4 a2 0-1

[Event "2. BUNDESLIGA MITTE 2014/2015"]
[Site "St. Veit"]
[Date "2015.03.01"]
[Round "8"]
[Board "6"]
[White "Mostbauer, Florian"]
[Black "Schriebl, Alexander"]
[Result "1/2-1/2"]
[WhiteElo "2189"]
[BlackElo "2109"]
[PlyCount "63"]
[EventDate "2014.10.03"]
[EventType "team"]
[EventRounds "11"]
[EventCountry "AUT"]
[WhiteTeam "Union Ansfelden"]
[BlackTeam "Union Styria Graz"]

1. c4 f5 2. g3 Nf6 3. Bg2 g6 4. Nc3 Bg7 5. d4 O-O 6. e3 d6 7. Nge2 c6 8. O-O e5
9. Qb3 Kh8 10. dxe5 dxe5 11. e4 Qe7 12. Qc2 a5 13. Na4 Be6 14. exf5 Bxf5 15.
Qb3 Qb4 16. Be3 Na6 17. Nc5 Nxc5 18. Qxb4 axb4 19. Bxc5 Rfd8 20. Bxb4 Bd3 21.
Rfe1 Bxc4 22. b3 Bf7 23. Nc3 Nd5 24. Nxd5 cxd5 25. Re2 Be8 26. Rd1 Bc6 27. Red2
Bh6 28. f4 exf4 29. Bxd5 Bxd5 30. Rxd5 Rxd5 31. Rxd5 fxg3 32. hxg3 1/2-1/2

[Event "2. BUNDESLIGA MITTE 2014/2015"]
[Site "Fuerstenfeld"]
[Date "2015.04.17"]
[Round "9"]
[Board "1"]
[White "Nemeth, Miklos"]
[Black "Hera, Imre"]
[Result "1/2-1/2"]
[WhiteElo "2472"]
[BlackElo "2590"]
[PlyCount "45"]
[EventDate "2014.10.03"]
[EventType "team"]
[EventRounds "11"]
[EventCountry "AUT"]
[WhiteTeam "SV Steyregg"]
[BlackTeam "Spg.Sparkasse Fuerstenfeld/Hartberg"]

1. e4 c5 2. Nf3 e6 3. d4 cxd4 4. Nxd4 Nc6 5. Nxc6 bxc6 6. Bd3 Nf6 7. O-O d6 8.
b3 Be7 9. Bb2 e5 10. Nd2 O-O 11. Nc4 Nd7 12. Re1 Qc7 13. Bf1 Nc5 14. Ba3 Nb7
15. Ne3 g6 16. Qd2 a5 17. Qc3 Qb6 18. Nc4 Qc7 19. Ne3 Qb6 20. Nc4 Qc7 21. Ne3
Qb6 22. Nc4 Qc7 23. Ne3 1/2-1/2

[Event "2. BUNDESLIGA MITTE 2014/2015"]
[Site "Fuerstenfeld"]
[Date "2015.04.17"]
[Round "9"]
[Board "2"]
[White "Poetz, Florian"]
[Black "Enoeckl, Philipp"]
[Result "1/2-1/2"]
[WhiteElo "2390"]
[BlackElo "2349"]
[PlyCount "64"]
[EventDate "2014.10.03"]
[EventType "team"]
[EventRounds "11"]
[EventCountry "AUT"]
[WhiteTeam "Spg.Sparkasse Fuerstenfeld/Hartberg"]
[BlackTeam "SV Steyregg"]

1. e4 e6 2. d4 d5 3. Nc3 Bb4 4. e5 Ne7 5. a3 Bxc3+ 6. bxc3 b6 7. Qg4 Ng6 8. h4
h5 9. Qd1 Qd7 10. Bg5 Qc6 11. Qf3 Ba6 12. Bxa6 Nxa6 13. Ne2 Qc4 14. O-O c5 15.
a4 Nb8 16. g3 Nc6 17. Qe3 Rc8 18. Rfc1 Rc7 19. Kg2 Kf8 20. Kh3 Kg8 21. f3 Rc8
22. g4 hxg4+ 23. fxg4 Rxh4+ 24. Bxh4 Qxe2 25. Bf2 Qc4 26. Kg3 Kf8 27. Qd3 Qxd3+
28. cxd3 Na5 29. dxc5 Nb3 30. cxb6 axb6 31. Bd4 Nxc1 32. Rxc1 Ra8 1/2-1/2

[Event "2. BUNDESLIGA MITTE 2014/2015"]
[Site "Fuerstenfeld"]
[Date "2015.04.17"]
[Round "9"]
[Board "3"]
[White "Pierecker, Markus"]
[Black "Freitag, Manfred"]
[Result "1-0"]
[WhiteElo "2152"]
[BlackElo "2379"]
[PlyCount "43"]
[EventDate "2014.10.03"]
[EventType "team"]
[EventRounds "11"]
[EventCountry "AUT"]
[WhiteTeam "SV Steyregg"]
[BlackTeam "Spg.Sparkasse Fuerstenfeld/Hartberg"]

1. e4 c5 2. Nf3 d6 3. d4 cxd4 4. Nxd4 Nf6 5. Nc3 a6 6. Bg5 Nbd7 7. Bc4 Qb6 8.
Qd2 Qxb2 9. O-O Qb4 10. Bb3 g6 11. f4 Bg7 12. e5 dxe5 13. fxe5 Nxe5 14. Rae1 h6
15. Bxf6 Bxf6 16. Rxe5 Bxe5 17. Bxf7+ Kf8 18. Bb3+ Bf6 19. a3 Qa5 20. Ne6+ Bxe6
21. Rxf6+ exf6 22. Qd6+ 1-0

[Event "2. BUNDESLIGA MITTE 2014/2015"]
[Site "Fuerstenfeld"]
[Date "2015.04.17"]
[Round "9"]
[Board "4"]
[White "Kuba, Guenter"]
[Black "Raber, Florian"]
[Result "1/2-1/2"]
[WhiteElo "2374"]
[BlackElo "2109"]
[PlyCount "59"]
[EventDate "2014.10.03"]
[EventType "team"]
[EventRounds "11"]
[EventCountry "AUT"]
[WhiteTeam "Spg.Sparkasse Fuerstenfeld/Hartberg"]
[BlackTeam "SV Steyregg"]

1. e4 c6 2. d4 d5 3. exd5 cxd5 4. Bd3 Nc6 5. c3 Qc7 6. Ne2 Bg4 7. f3 Bd7 8. O-O
e6 9. Bf4 Bd6 10. Bxd6 Qxd6 11. f4 Nf6 12. Nd2 O-O 13. Qe1 Ne7 14. Qh4 Nf5 15.
Qf2 Qb6 16. b3 Rac8 17. h3 Nd6 18. c4 Qb4 19. Qe1 dxc4 20. bxc4 Bc6 21. a3 Qa5
22. Nb3 Qxe1 23. Rfxe1 Be4 24. Bxe4 Ndxe4 25. Rec1 b6 26. a4 Rc7 27. a5 Rfc8
28. axb6 axb6 29. Ra6 Nd7 30. Ra4 1/2-1/2

[Event "2. BUNDESLIGA MITTE 2014/2015"]
[Site "Fuerstenfeld"]
[Date "2015.04.17"]
[Round "9"]
[Board "5"]
[White "Forstner, Joerg"]
[Black "Radnetter, Georg"]
[Result "0-1"]
[WhiteElo "2110"]
[BlackElo "2256"]
[PlyCount "52"]
[EventDate "2014.10.03"]
[EventType "team"]
[EventRounds "11"]
[EventCountry "AUT"]
[WhiteTeam "SV Steyregg"]
[BlackTeam "Spg.Sparkasse Fuerstenfeld/Hartberg"]

1. d4 e6 2. g3 c5 3. Nf3 b6 4. Bg2 Bb7 5. c3 Nf6 6. O-O Be7 7. Bf4 O-O 8. dxc5
bxc5 9. Qb3 Qb6 10. Nbd2 d5 11. Ne5 Nc6 12. Nxc6 Bxc6 13. Qxb6 axb6 14. Nc4 Ra6
15. Rfe1 Rfa8 16. a3 b5 17. Ne5 Bb7 18. Rac1 Ne8 19. Nd3 Rc8 20. e4 dxe4 21.
Bxe4 Bxe4 22. Rxe4 Rd8 23. Ne5 g5 24. Bxg5 Bxg5 25. Rg4 h6 26. f4 f5 0-1

[Event "2. BUNDESLIGA MITTE 2014/2015"]
[Site "Fuerstenfeld"]
[Date "2015.04.17"]
[Round "9"]
[Board "6"]
[White "Postl, Anton"]
[Black "Holzmann, Herbert"]
[Result "1-0"]
[WhiteElo "2265"]
[BlackElo "2041"]
[PlyCount "83"]
[EventDate "2014.10.03"]
[EventType "team"]
[EventRounds "11"]
[EventCountry "AUT"]
[WhiteTeam "Spg.Sparkasse Fuerstenfeld/Hartberg"]
[BlackTeam "SV Steyregg"]

1. d4 Nf6 2. c4 g6 3. Nf3 Bg7 4. g3 c5 5. d5 d6 6. Nc3 O-O 7. Bg2 Na6 8. O-O
Nc7 9. Bf4 Bd7 10. e4 Nh5 11. Be3 b5 12. e5 b4 13. Ne4 Bf5 14. Ned2 Qc8 15. h3
Bxh3 16. Bxh3 Qxh3 17. Ng5 Qd7 18. g4 h6 19. gxh5 hxg5 20. e6 Qe8 21. Ne4 fxe6
22. Nxg5 exd5 23. cxd5 Rf5 24. Qg4 Nxd5 25. Ne4 Rxh5 26. Ng5 Qc8 27. Qg2 Nf6
28. Ne6 Re5 29. Nxg7 Kxg7 30. Bf4 Rh5 31. Rfe1 e5 32. Bg5 Nh7 33. Be7 Rb8 34.
Bxd6 Rg5 35. Bxe5+ Kf7 36. Bg3 Qb7 37. Qh3 Nf6 38. Qe6+ Kg7 39. Qd6 Qb6 40.
Qe7+ Kh6 41. Re6 Ng8 42. Rxb6 1-0

[Event "2. BUNDESLIGA MITTE 2014/2015"]
[Site "Fuerstenfeld"]
[Date "2015.04.17"]
[Round "9"]
[Board "1"]
[White "Schmidt, Peter"]
[Black "Horvath, Adam"]
[Result "0-1"]
[WhiteElo "2388"]
[BlackElo "2530"]
[PlyCount "104"]
[EventDate "2014.10.03"]
[EventType "team"]
[EventRounds "11"]
[EventCountry "AUT"]
[WhiteTeam "Spg. Sauwald"]
[BlackTeam "RbEJ Gleisdorf"]

1. d4 Nf6 2. Nf3 b6 3. g3 Bb7 4. Bg2 g6 5. O-O Bg7 6. Bg5 O-O 7. Nbd2 c5 8. c3
cxd4 9. cxd4 Nc6 10. a3 d5 11. Bxf6 Bxf6 12. e3 Rc8 13. Qe2 Qd6 14. Rfd1 e6 15.
b4 Rc7 16. Nb3 Rfc8 17. Nc1 Ne7 18. b5 Rc2 19. Qe1 Nf5 20. Nd3 Qc7 21. Nb4 Rc3
22. Bf1 Nd6 23. Nd2 Qd7 24. a4 R3c7 25. Nf3 Ne4 26. Bd3 Qd6 27. Na2 h5 28. Qb4
Qd8 29. Ne5 Bxe5 30. dxe5 Qg5 31. f4 Qg4 32. Qe1 Nc5 33. Be2 Qf5 34. Nc1 Qe4
35. Kf2 d4 36. exd4 Qg2+ 37. Ke3 Qe4+ 38. Kf2 Qg2+ 39. Ke3 Ne4 40. Qg1 Nc3 41.
Qxg2 Nxd1+ 42. Bxd1 Bxg2 43. Nd3 Rc3 44. Be2 Bd5 45. h3 Kg7 46. g4 h4 47. f5
Kh6 48. f6 Kg5 49. a5 Rb3 50. axb6 axb6 51. Ra7 Bc4 52. Rxf7 Bxd3 0-1

[Event "2. BUNDESLIGA MITTE 2014/2015"]
[Site "Fuerstenfeld"]
[Date "2015.04.17"]
[Round "9"]
[Board "2"]
[White "Frosch, Ronald"]
[Black "Renner, Christoph"]
[Result "1-0"]
[WhiteElo "2196"]
[BlackElo "2351"]
[PlyCount "109"]
[EventDate "2014.10.03"]
[EventType "team"]
[EventRounds "11"]
[EventCountry "AUT"]
[WhiteTeam "RbEJ Gleisdorf"]
[BlackTeam "Spg. Sauwald"]

1. d4 f5 2. Nf3 Nf6 3. e3 g6 4. c4 Bg7 5. Nc3 O-O 6. Be2 d6 7. O-O c6 8. b4 e5
9. dxe5 dxe5 10. Bb2 Qe7 11. b5 e4 12. Nd4 c5 13. Nb3 Rd8 14. Qc2 Be6 15. Rfd1
Nbd7 16. Nd5 Bxd5 17. cxd5 Ne8 18. d6 Nxd6 19. Bxg7 Kxg7 20. Nxc5 Nxc5 21. Qxc5
b6 22. Qd4+ Qf6 23. Rac1 Ne8 24. Qa4 Kh6 25. g3 Qe7 26. Kg2 Nf6 27. Rc6 Rxd1
28. Bxd1 Nd7 29. Qd4 Nc5 30. Rd6 Rc8 31. h4 Rc7 32. Be2 Qg7 33. Qd5 Qf7 34. Qe5
Re7 35. Rf6 Qe8 36. Qxf5 Kg7 37. Qf4 Nd3 38. Bxd3 exd3 39. Qd4 Re4 40. Qc3 Qe5
41. Rc6 Qxc3 42. Rxc3 Ra4 43. Rxd3 Rxa2 44. Rd7+ Kg8 45. g4 Rb2 46. Rxa7 Rxb5
47. f4 Rb1 48. Kf3 b5 49. Ke4 Rh1 50. Ke5 Rxh4 51. Kf6 h6 52. g5 hxg5 53. Kxg6
Kf8 54. f5 Ra4 55. Rb7 1-0

[Event "2. BUNDESLIGA MITTE 2014/2015"]
[Site "Fuerstenfeld"]
[Date "2015.04.17"]
[Round "9"]
[Board "3"]
[White "Hiermann, Dietmar"]
[Black "Wegerer, Fred"]
[Result "1-0"]
[WhiteElo "2290"]
[BlackElo "2157"]
[PlyCount "92"]
[EventDate "2014.10.03"]
[EventType "team"]
[EventRounds "11"]
[EventCountry "AUT"]
[WhiteTeam "Spg. Sauwald"]
[BlackTeam "RbEJ Gleisdorf"]

1. e4 c5 2. Nf3 e6 3. d4 cxd4 4. Nxd4 a6 5. Bd3 Qc7 6. O-O Nf6 7. c3 Nc6 8.
Nxc6 bxc6 9. Qe2 e5 10. Nd2 Be7 11. Nc4 O-O 12. b3 Re8 13. Be3 Rb8 14. f4 d6
15. fxe5 dxe5 16. h3 Be6 17. Bf2 Nd7 18. Nb2 a5 19. Na4 Nf8 20. Be3 Ng6 21. Qf2
Bd6 22. Rfd1 Qe7 23. Bf1 Nf4 24. Rd2 Bc7 25. Nc5 Bb6 26. Kh2 Bxc5 27. Bxc5 Qg5
28. Be3 Qf6 29. Rad1 g5 30. g3 Nh5 31. Qe2 Qg6 32. Bg2 Nf6 33. Bc5 Ra8 34. Rf1
Nd7 35. Be3 h6 36. Bg1 a4 37. b4 f6 38. a3 Qf7 39. Rfd1 Nf8 40. Rd6 Rec8 41.
Bf3 Bc4 42. Qe1 h5 43. R1d2 Ne6 44. Qd1 g4 45. Bg2 Qg6 46. h4 Qe8 1-0